Observer-Based Fault Estimation and Accomodation for Dynamic Systems

Due to the increasing security and reliability demand of actual industrial process control systems, the study on fault diagnosis and fault tolerant control of dynamic systems has received considerable attention. Fault accommodation (FA) is one of effective methods that can be used to enhance system...

Πλήρης περιγραφή

Λεπτομέρειες βιβλιογραφικής εγγραφής
Κύριοι συγγραφείς: Zhang, Ke (Συγγραφέας), Jiang, Bin (Συγγραφέας), Shi, Peng (Συγγραφέας)
Συγγραφή απο Οργανισμό/Αρχή: SpringerLink (Online service)
Μορφή: Ηλεκτρονική πηγή Ηλ. βιβλίο
Γλώσσα:English
Έκδοση: Berlin, Heidelberg : Springer Berlin Heidelberg : Imprint: Springer, 2013.
Σειρά:Lecture Notes in Control and Information Sciences, 436
Θέματα:
Διαθέσιμο Online:Full Text via HEAL-Link
LEADER 03462nam a22005055i 4500
001 978-3-642-33986-8
003 DE-He213
005 20151125191833.0
007 cr nn 008mamaa
008 121026s2013 gw | s |||| 0|eng d
020 |a 9783642339868  |9 978-3-642-33986-8 
024 7 |a 10.1007/978-3-642-33986-8  |2 doi 
040 |d GrThAP 
050 4 |a TJ212-225 
072 7 |a TJFM  |2 bicssc 
072 7 |a TEC004000  |2 bisacsh 
082 0 4 |a 629.8  |2 23 
100 1 |a Zhang, Ke.  |e author. 
245 1 0 |a Observer-Based Fault Estimation and Accomodation for Dynamic Systems  |h [electronic resource] /  |c by Ke Zhang, Bin Jiang, Peng Shi. 
264 1 |a Berlin, Heidelberg :  |b Springer Berlin Heidelberg :  |b Imprint: Springer,  |c 2013. 
300 |a XIV, 181 p. 63 illus.  |b online resource. 
336 |a text  |b txt  |2 rdacontent 
337 |a computer  |b c  |2 rdamedia 
338 |a online resource  |b cr  |2 rdacarrier 
347 |a text file  |b PDF  |2 rda 
490 1 |a Lecture Notes in Control and Information Sciences,  |x 0170-8643 ;  |v 436 
505 0 |a ntroduction -- FAFE of continuous-time Systems -- FAFE of continuous-time Linear Systems with Time Delay -- Fast FA for Loss of Actuator Effectiveness -- FFEO Based FA for Linear Systems -- RFEO Based FA for Linear Systems -- FA for T-S Fuzzy Models Based Nonlinear Systems -- Helicopter Platform Applications -- Conclusions and Future Research Directions. 
520 |a Due to the increasing security and reliability demand of actual industrial process control systems, the study on fault diagnosis and fault tolerant control of dynamic systems has received considerable attention. Fault accommodation (FA) is one of effective methods that can be used to enhance system stability and reliability, so it has been widely and in-depth investigated and become a hot topic in recent years. Fault detection is used to monitor whether a fault occurs, which is the first step in FA. On the basis of fault detection, fault estimation (FE) is utilized to determine online the magnitude of the fault, which is a very important step because the additional controller is designed using the fault estimate. Compared with fault detection, the design difficulties of FE would increase a lot, so research on FE and accommodation is very challenging. Although there have been advancements reported on FE and accommodation for dynamic systems, the common methods at the present stage have design difficulties, which limit applications of respective design approaches. Therefore, the problems of FE and accommodation are needed to be further studied. This book considers the theory and technology of FE and accommodation for dynamic systems, and establishes a systemic and comprehensive framework of FE and accommodation for continuous/discrete-time systems.  . 
650 0 |a Engineering. 
650 0 |a System theory. 
650 0 |a Complexity, Computational. 
650 0 |a Control engineering. 
650 1 4 |a Engineering. 
650 2 4 |a Control. 
650 2 4 |a Complexity. 
650 2 4 |a Systems Theory, Control. 
700 1 |a Jiang, Bin.  |e author. 
700 1 |a Shi, Peng.  |e author. 
710 2 |a SpringerLink (Online service) 
773 0 |t Springer eBooks 
776 0 8 |i Printed edition:  |z 9783642339851 
830 0 |a Lecture Notes in Control and Information Sciences,  |x 0170-8643 ;  |v 436 
856 4 0 |u http://dx.doi.org/10.1007/978-3-642-33986-8  |z Full Text via HEAL-Link 
912 |a ZDB-2-ENG 
950 |a Engineering (Springer-11647)